| 000 | 02067nam0a2200397 4500 | ||
|---|---|---|---|
| 001 | RU\NLR\bibl\1016031 | ||
| 005 | 20260405120730.0 | ||
| 010 |
_a5-88595-065-2 _9300 |
||
| 021 |
_aRU _b2006-69307 _93486 |
||
| 035 | _a(NLR Aleph) 001003602 | ||
| 090 |
_a594132 _c594132 |
||
| 100 | _a20061204d2006 |||y0rusy50 ca | ||
| 101 | 0 |
_arus _deng |
|
| 102 | _aRU | ||
| 105 | _aa ||||||||| | ||
| 200 | 1 |
_aСовременный этап разработки нефтяных месторождений Западного Казахстана. Проблемы и решения _dModern stage of West Kazakhstan oil fields development. Problems and decisions _fМ.Д. Батырбаев, В.В. Кадет _zeng |
|
| 210 |
_aМосква _cВНИИОЭНГ _d2006 |
||
| 215 |
_a377 с., [4] л. цв. ил., портр. _cил. _d22 |
||
| 300 | _aАвт. также на англ. яз.: M.D. Batyrbaev, V.V. Kadet | ||
| 300 | _aВ подписи под портр. авт.: Батырбаев М.Д., к.т.н., Кадет В.В., проф., д.т.н. | ||
| 300 | _aРез. на англ. яз. | ||
| 320 | _aБиблиогр.: с. 369-377 (146 назв.) | ||
| 510 | 0 |
_6z73790 _aModern stage of West Kazakhstan oil fields development. Problems and decisions _zeng |
|
| 606 | 1 |
_aНефть _xДобыча _yКазахстан, Республика _92453104 _3RU\NLR\auth\661458371 |
|
| 686 | _aИ361 | ||
| 700 | 1 |
_4070 _8rus _7ca _aБатырбаев _bМ. Д. _gМахамбет Демешевич _3RU\NLR\auth\7746854 _929789 |
|
| 701 | 1 |
_4070 _8rus _7ca _aКадет _bВ. В. _cд-р техн. наук _gВалерий Владимирович _3RU\NLR\auth\7746856 _929791 |
|
| 790 | 1 |
_4070 _8rus _7ba _aBatyrbaev _bM. D. _gMachambet Demeševič _3RU\NLR\auth\7746855 _929790 |
|
| 790 | 1 |
_4070 _8rus _7ba _aKadet _bV. V. _cд-р технических наук _gValerij Vladimirovič _3RU\NLR\auth\7746857 _929792 |
|
| 801 | 0 |
_aRU _bNLR _c20061204 _grcr |
|
| 801 | 1 |
_aRU _bNLR _c20061204 |
|
| 830 | _aАвт. по кн | ||
| 942 | _cBOOK | ||
| 980 | _aNB | ||